000 00876nam a2200277 i 4500
001 7857
003 ES-MaACL
005 20250811062530.0
007 t|
008 910515s1990 sp ||||1| spa d
020 _a84-7483-693-X
080 _a069(46)
080 _a7(074)(46)(083.8)
100 1 _aSanz-Pastor y Fernández de Piérola, Consuelo.
_9103672
245 1 0 _aMuseos y colecciones de España /
_cConsuelo Sanz-Pastor y Fernandez de Pierola.
250 _aReed. corr. y amp.
260 _a[Madrid] :
_bMinisterio de Cultura,
_cD.L. 1990.
300 _a779 p. ;
_c23 cm.
500 _aLegislacion: p. 641-703.
500 _aIndices.
504 _aBibliogr.: p. 629-633.
650 4 _aMuseos-
_zEspaña-
_vGuías.
_915368
710 1 _aEspaña.
_bMinisterio de Cultura
_93850
852 _aES-MaACL
_jL-15111
_bR.119375
_z. - tela
999 _c7857
_d7857